000 00460cam a22001457a 4500
008 180718b1984 xxu||||| |||| 00| 0 eng d
082 _aXA R18m
245 _aModern trends in housing in developing countries
_cedited by A.G. Madhava Rao, D.S. Ramachandra Murthy and G.A.
260 _aNew Delhi
_bOxford & IBH
_c1984
300 _axii,380p
650 _aHousing
700 _aAnnamalai, G.
700 _aMurthy, D.S. Ramachandra
700 _aRao, A.G. Madhava
999 _c411726
_d411726